Κατάλογος Βιβλιοθηκών Mediterranean College

Management / International Student Edition: Seventh Edition (Record no. 949)

MARC details
000 -LEADER
fixed length control field 02592cam a22002414a 4500
005 - ΗΜΕΡΟΜΗΝΙΑ ΚΑΙ ΩΡΑ ΤΕΛΕΥΤΑΙΑΣ ΕΝΗΜΕΡΩΣΗΣ
Πεδίο ελέγχου 20250605163950.0
008 - FIXED-LENGTH DATA ELEMENTS--GENERAL INFORMATION
Πεδίο ελέγχου σταθερού μήκους 250528s ||||||||||||||||||||||||d
035 ## - SYSTEM CONTROL NUMBER
System control number 15362
020 ## - ISBN
ISBN 70663750
040 ## - ΠΗΓΗ ΚΑΤΑΛΟΓΟΓΡΑΦΗΣΗΣ
Φορέας πρωτότυπης καταλογογράφησης MC Athens Campus Library
Γλώσσα καταλογογράφησης Ελληνικά, Μοντέρνα (1453-)
Modifying agency MC Athens Campus Library
Κανόνες περιγραφικής καταλογογράφησης AACR2
245 1# - ΤΙΤΛΟΣ ΚΑΙ ΔΗΛΩΣΗ ΥΠΕΥΘΥΝΟΤΗΤΑΣ
Τίτλος Management / International Student Edition: Seventh Edition
250 ## - EDITION STATEMENT
Edition statement 7th
260 ## - PUBLICATION, DISTRIBUTION, ETC.
Name of publisher, distributor, etc. Mcgraw Hill Book Company,
Date of publication, distribution, etc. 1980
300 ## - PHYSICAL DESCRIPTION
Extent 872
505 0# - FORMATTED CONTENTS NOTE
Formatted contents note Preface, The Basis of Management Theory and Science, The Emergence of Management Though, Patterns of Management Analysis, Managers and Their External Environment, Comparative and International Management, Planning, The Nature and Purpose of Planning, Objectives, Premising: Essential Step in Planning, Decision Making, Strategies and Policies, Making Planning Effective, Organizing, Nature and Purpose of Organizing, Basic Departmentation, Line and Staff Authority Relationships, Decentalization of Authority, Committees and Group Decision Making, Making Organizing Effective, Staffing, Nature and Purpose of Staffing, Selection of Managers, Appraisal of Managers, Manager and Organization Development, Leading, Managing and the Human Factor, Motivation, Leadership, Communication, Controlling, The System and Process of Controlling, Control Techniques, Control of Overall Performance, Direct Control: Ensuring Effective Managing, Glossary of Management Terms and Concepts, Name and Subject Index.
520 ## - SUMMARY, ETC.
Summary, etc. Preface, The Basis of Management Theory and Science, The Emergence of Management Though, Patterns of Management Analysis, Managers and Their External Environment, Comparative and International Management, Planning, The Nature and Purpose of Planning, Objectives, Premising: Essential Step in Planning, Decision Making, Strategies and Policies, Making Planning Effective, Organizing, Nature and Purpose of Organizing, Basic Departmentation, Line and Staff Authority Relationships, Decentalization of Authority, Committees and Group Decision Making, Making Organizing Effective, Staffing, Nature and Purpose of Staffing, Selection of Managers, Appraisal of Managers, Manager and Organization Development, Leading, Managing and the Human Factor, Motivation, Leadership, Communication, Controlling, The System and Process of Controlling, Control Techniques, Control of Overall Performance, Direct Control: Ensuring Effective Managing, Glossary of Management Terms and Concepts, Name and Subject Index.
700 1# - ΠΡΟΣΘΕΤΗ ΑΝΑΓΡΑΦΗ--ΦΥΣΙΚΟ ΠΡΟΣΩΠΟ
Personal name Donnel'O Cyril
9 (RLIN) 1264
700 1# - ΠΡΟΣΘΕΤΗ ΑΝΑΓΡΑΦΗ--ΦΥΣΙΚΟ ΠΡΟΣΩΠΟ
Personal name Koontz Harold
9 (RLIN) 974
700 1# - ΠΡΟΣΘΕΤΗ ΑΝΑΓΡΑΦΗ--ΦΥΣΙΚΟ ΠΡΟΣΩΠΟ
Personal name Weihrich Heinz
9 (RLIN) 975
942 ## - ADDED ENTRY ELEMENTS (KOHA)
Koha item type Books
Holdings
Τύπος τεκμηρίου Βιβλιοθήκη Τρέχουσα τοποθεσία Barcode Αριθμός εισαγωγής Ημερομηνία απόκτησης Ταξιθετικό σύμβολο Αριθμός αντιτύπου Κατάσταση απόσυρσης Κατάσταση χαμένου Κατάσταση κατεστραμμένου Μη δανεισμός Σύνολο δανεισμών Ημερομηνία τελευταίας εμφάνισης Η τιμή ισχύει από
Books MC Athens Campus Library MC Athens Campus Library 9780000009487 1614 05/06/2025 658.4 KOO 1           05/06/2025 05/06/2025

MC Athens Campus Library
Πατησίων 94 & Κοδριγκτώνος 13, 104 34
Πελλήνης 8 & Πατησίων 107, 112 51
Τ: +30 210 8899600

MC Thessaloniki Campus Library
Ίωνος Δραγούμη 21, 54625 | Ίωνος Δραγούμη 15, 54625
Τ: +30 2310 287779 – Τ: +30 2314 440300